000
00269nam a2200121Ia 4500
008
190216s9999||||xx |||||||||||||| ||und||
100
_a
Pavan Kumar Pandey
245
0
_a
Hindi-Jeevan Sambath
260
_b
Shiva
_c
2009
300
_a
224
650
_a
Hindi
942
_c
BK
999
_c
16665
_d
16665